01287nam a2200277Ia 450000500170000000800390001702000150005604100080007110000310007924500810011025000180019126400350020930000730024433600270031733700330034433800280037749000210040552003370042665000510076365000510081465000290086565000380089470000310093204000350096308400110099820220316235245.0121119s1998 ve a gr 000 j spa a98025705750 aspa1 aNazoa, Aquiles,d1920-197613aEl perro, el chivo y los tigrescAquiles Nazoa ; ilustraciones, Esteban Rama a1a. edición 1aCaracasbEdiciones Ekarec1998 a[24] páginas sin enumerarbilustraciones en blanco y negroc17 cm. atextobtxt2rdacontent asin mediaciónbn2rdamedia avolumenbnc2rdacarrier0 aCuentos criollos aEl perro está ansioso por salir a recorrer mundo, pero su amo lo mantiene atado. Al otro lado de la empalizada vive el chivo, manso como un cordero y sin deseos de aventuras. Los argumentos del perro convencen finalmente al chivo y juntos se escapan. Sin embargo, en el camino se encuentran con una familia de tigres buscapleitos.142LEMBaCuentos infantiles venezolanosySiglo XX142LEMBaLiteratura infantil venezolanaySiglo XX142LEMBaAnimales vCuentos142LEMBaTradición oral venezolana1 aRama, Esteban eilustrador aCO-BoRNBPbspaerdacCO-BoRNBP aC NAZ1